The road ahead (Record no. 5057)
[ view plain ]
| 000 -LEADER | |
|---|---|
| fixed length control field | 00654 a2200205 4500 |
| 020 ## - INTERNATIONAL STANDARD BOOK NUMBER | |
| International Standard Book Number | 0-14-024351-8 |
| 040 ## - CATALOGING SOURCE | |
| Original cataloging agency | DLC |
| Language of cataloging | DLC |
| 082 ## - DEWEY DECIMAL CLASSIFICATION NUMBER | |
| Classification number | 823.912 |
| 100 1# - MAIN ENTRY--PERSONAL NAME | |
| Personal name | Gates, Bill. |
| 245 04 - TITLE STATEMENT | |
| Title | The road ahead |
| Statement of responsibility, etc. | Bill Gates with Nathan Myhrvold and Peter Rinearson |
| 250 ## - EDITION STATEMENT | |
| Edition statement | Completely rev. and updated ed. |
| 260 ## - PUBLICATION, DISTRIBUTION, ETC. | |
| Place of publication, distribution, etc. | London : |
| Name of publisher, distributor, etc. | Penguin, |
| Date of publication, distribution, etc. | 1996 |
| 300 ## - PHYSICAL DESCRIPTION | |
| Extent | xviii, 332 p. : |
| Other physical details | ill. ; |
| Dimensions | 20 cm |
| 500 ## - GENERAL NOTE | |
| General note | Originally published: London: Viking, 1995 |
| 650 #7 - SUBJECT ADDED ENTRY--TOPICAL TERM | |
| Topical term or geographic name entry element | Internet |
| 650 #7 - SUBJECT ADDED ENTRY--TOPICAL TERM | |
| Topical term or geographic name entry element | Information technology |
| General subdivision | Social aspects |
| 650 #7 - SUBJECT ADDED ENTRY--TOPICAL TERM | |
| Topical term or geographic name entry element | Computers and civilization |
| 650 #7 - SUBJECT ADDED ENTRY--TOPICAL TERM | |
| Topical term or geographic name entry element | Information technology - Social aspects |
| 942 ## - ADDED ENTRY ELEMENTS (KOHA) | |
| Koha item type | Book |
| Call number prefix | 823.912 GAT |
| Source of classification or shelving scheme | |
| Withdrawn status | Lost status | Damaged status | Not for loan | Collection code | Permanent Location | Current Location | Shelving location | Date acquired | Source of acquisition | Cost, normal purchase price | Total Checkouts | Total Renewals | Full call number | Barcode | Date last seen | Date last checked out | Price effective from | Koha item type | Checked out |
|---|---|---|---|---|---|---|---|---|---|---|---|---|---|---|---|---|---|---|---|
| Central Library (CL) | Central Library (CL) | General Stacks | 06/15/2009 | Donation | 0.00 | 13 | 1 | 823.912 GAT | SEECS009547 | 01/30/2022 | 09/23/2021 | 01/05/2017 | Book | ||||||
| Central Library (CL) | Central Library (CL) | Fiction | 11/08/2004 | Saeed Book Bank | 175.50 | 6 | 1 | 823.912 GAT | SEECS005034 | 06/07/2022 | 03/11/2020 | 01/05/2017 | Book | ||||||
| Central Library (CL) | Central Library (CL) | General Stacks | 04/15/2014 | 3 | 823.912 GAT | SEECSD00645 | 12/04/2021 | 12/04/2021 | 01/05/2017 | Book | 01/03/2022 |
